Morfología y arte contemporáneo... / (Registro nro. 44180)

Detalles MARC
000 -LEADER
campo de control de longitud fija 00614nam a2200193 i 4500
001 - NÚMERO DE CONTROL
campo de control 44180
003 - IDENTIFICADOR DE NÚMERO DE CONTROL
campo de control ES-MaACL
005 - FECHA Y HORA DE LA ÚLTIMA TRANSACCIÓN
campo de control 20251017063045.0
007 - CAMPO FIJO DE DESCRIPCIÓN FÍSICA--INFORMACIÓN GENERAL
campo de control de longitud fija t|
008 - DATOS DE LONGITUD FIJA--INFORMACIÓN GENERAL
campo de control de longitud fija 030320s1955 sp ||||1| spa d
100 1# - ENTRADA PRINCIPAL--NOMBRE DE PERSONA
Nombre de persona Cirlot, Juan-Eduardo,
Fechas asociadas al nombre 1916-1973
9 (RLIN) 38898
245 10 - MENCIÓN DEL TÍTULO
Título Morfología y arte contemporáneo... /
Mención de responsabilidad, etc. Juan-Eduardo Cirlot.
260 ## - PUBLICACIÓN, DISTRIBUCIÓN, ETC.
Lugar de publicación, distribución, etc. Barcelona :
Nombre del editor, distribuidor, etc. Omega,
Fecha de publicación, distribución, etc. [1955] (
Fabricante Agustín Núñez)
300 ## - DESCRIPCIÓN FÍSICA
Extensión 101 p., 12 lám. :
Otras características físicas il. ;
Dimensiones 24 cm.
650 #7 - PUNTO DE ACCESO ADICIONAL DE MATERIA--TÉRMINO DE MATERIA
Término de materia o nombre geográfico como elemento de entrada Arte-
Subdivisión cronológica S.XX
Fuente del encabezamiento o término
9 (RLIN) 141916
650 #7 - PUNTO DE ACCESO ADICIONAL DE MATERIA--TÉRMINO DE MATERIA
Término de materia o nombre geográfico como elemento de entrada Forma (Estética)
Fuente del encabezamiento o término embne
9 (RLIN) 159052
852 ## - LOCALIZACIÓN
Ubicación ES-MaACL
Número de control de estantería C-9939
Sublocalización o colección R.38095
Existencias
Estatus retirado Estado de pérdida Estado de daño No para préstamo Biblioteca de origen Biblioteca actual Ubicación en estantería Fecha de adquisición Fuente de adquisición Total de préstamos Signatura topográfica completa Código de barras Visto por última vez Precio de reemplazo Tipo de ítem Koha
        Biblioteca del Ateneo de Madrid Biblioteca del Ateneo de Madrid Sala Palomar 17/01/2008     C-9939 1046499 23/02/2023 23/02/2023 Libro impreso